|
|
|
|
| LEADER |
00000naa2a2200000 4500 |
| 001 |
382786 |
| 005 |
20231101063023.0 |
| 035 |
|
|
|a (RuTPU)RU\TPU\prd\7205
|
| 090 |
|
|
|a 382786
|
| 100 |
|
|
|a 20021004a2002 k y0rusy50 ca
|
| 101 |
0 |
|
|a rus
|
| 102 |
|
|
|a RU
|
| 200 |
1 |
|
|a Под музыку вождей
|a Сталин и Шостакович: письма к другу
|f Л. Максименков
|
| 225 |
1 |
|
|a Былое
|
| 320 |
|
|
|a Библиогр.: 4 назв.
|
| 461 |
|
1 |
|0 (RuTPU)RU\TPU\prd\1710
|x 0235-7089
|t Родина
|o исторический иллюстрированный журнал
|f Российская Федерация, Президент, Администрация
|d 1989-
|
| 463 |
|
1 |
|0 (RuTPU)RU\TPU\prd\1917
|t № 2
|v С. 95-98
|d 2002
|
| 600 |
|
1 |
|a Сталин
|g Иосиф Виссарионович
|2 stltpui
|3 (RuTPU)RU\TPU\pers\1058
|
| 600 |
|
1 |
|a Шостакович
|g Дмитрий Дмитриевич
|2 stltpui
|3 (RuTPU)RU\TPU\pers\1141
|
| 610 |
1 |
|
|a история культуры
|
| 610 |
1 |
|
|a советская история
|
| 610 |
1 |
|
|a история советской культуры
|
| 700 |
|
1 |
|a Максименков
|b Л.
|g Леонид
|
| 801 |
|
1 |
|a RU
|b 63413507
|c 20021004
|g PSBO
|
| 801 |
|
2 |
|a RU
|b 63413507
|c 20140218
|g PSBO
|
| 942 |
|
|
|c BK
|